Statistiken für Top 15 Länder mit Covid-19-Todesfällen - 9. Februar 2022

Klicken Sie hier um das Quiz zu spielen!

Allgemein

  • Dieses Quiz wurde 14 mal gespielt
  • Das Durchschnittsergebnis liegt bei 15 aus 26

Antwortstatistiken

Land% Korrekt
Indien
93%
Russland
93%
Deutschland
86%
Frankreich
86%
Italien
86%
Mexiko
86%
Vereinigte Staaten
86%
Brasilien
79%
Vereinigtes
Königreich
71%
Polen
64%
Argentinien
57%
Indonesien
57%
Iran
57%
Kolumbien
50%
Tschechien
50%
Bulgarien
43%
Peru
43%
Rumänien
43%
Ungarn
43%
Kroatien
36%
Slowakei
36%
Bosnien und
Herzegowina
29%
Nordmazedonien
29%
Slowenien
29%
Litauen
21%
Georgien
7%

Verteilung der Resultate

Perzentil nach korrekt beantworteten Fragen

Anzahl Personen mit jedem Resultat

Ihre Resultats-Entwicklung

Sie haben dieses Quiz noch nicht gespielt